Campeões da Copa Sul-Americana - Statistics

Estatísticas Gerais
  • Esse quiz foi jogado 1 083 vezes
    974 desde o último reset
  • A pontuação média é 10 de 17
Estatísticas das Respostas
Ano País Time % Correto
2012 Brasil São Paulo
90%
2005-04 Argentina Boca Juniors
89%
2014 Argentina River Plate
85%
2008 Brasil Internacional
78%
2022, 2019 Equador Independiente del Valle
77%
2009 Equador LDU
77%
2021, 2018 Brasil Athlético Paranaense
76%
2016 Brasil Chapecoense
75%
2017, 2010 Argentina Independiente
68%
2013 Argentina Lanús
51%
2002 Argentina San Lorenzo
49%
2020 Argentina Defensa y Justicia
47%
2011 Chile Universidad de Chile
37%
2006 México Pachuca
36%
2003 Peru Cienciano
34%
2015 Colômbia Independiente Santa Fé
32%
2007 Argentina Arsenal de Sarandí
24%
Nenhum quiz correspondente encontrado
Distribuição das Pontuações
Porcentagem de Pessoas com Cada Pontuação
Percentil de Números Respondidos
Sua Pontuação Histórica
Você não jogou esse quiz desde o último reset